000
00328nam a22001337a 4500
008
250407b |||||||| |||| 00| 0 eng d
020
_a
0314067493
050
_a
HJ257
_b
.H65
100
_a
HOLCOMBE G. Randall
245
_a
Public Finance
260
_a
USA.
_b
West Publishing Company
_c
1996
300
_a
xviii, 544p.
942
_c
BK
999
_c
2912
_d
2912